00756nam a2200193 a 450000100100000000500170001000800410002702000180006804000250008608200150011110000310012624501070015726000410026430000210030550400730032650400330039995201130043299900170054500004084520201002034425.0130909s2008 pr 000 0 spa d a9780847711079 aDO-SdBNPbspacBNPHU axxxxbxxxx1 aMorel, Hortensia R.96726710aPalabras en las tablas :bEnsayos de literatura latinoamericana contemporánea /cHortensia R. Morel. aPuerto Rico, :bLa editorial,c2008. a317 p. ;c22 cm. aIncluye referencias bibliográficas y notas al pie de las páginas aBibliografías : p. 280-317 001050718MOaGRbGRcHDd2013-09-09iLF1l0oxxxx xxxxp40845-10r2020-06-25w2020-06-25y1ZNo se presta c40335d40335